000 00462nam a2200169Ia 4500
008 230711s9999||||xx |||||||||||||| ||und||
020 _a81-239-1027-4
041 _aENG
082 _a621.31042
_bSA-P
100 _aSay,M.G
245 4 _aThe performance and design of alternating current machines
250 _a3rd Ed.
260 _c1983
_aNew Delhi
_bCBS Publishers & Distributors Pvt.Ltd
300 _a664p.
650 _aElectrical Engineering
942 _cBK
999 _c1470
_d1470